000 00326 a2200145 4500
001 164463
020 _a
040 _cMagnum
100 _aAzevedo, Janete M. Lins de
240 1 0 _aA educacao como politica publica
_lpor
245 1 0 _aA educacao como politica publica
362 0 _a1899
697 _aENSINO
942 _cBK
999 _c164463
_d164463